| 000 | 00513nam a2200181Ia 4500 | ||
|---|---|---|---|
| 003 | GCL | ||
| 008 | 140319s9999 xx 000 0 eng d | ||
| 040 |
_aGCL / _cGCL |
||
| 082 | 0 | 4 |
_a581.192 _bL P |
| 100 | 1 | _aLEEGOOD, RICHARD C. | |
| 245 | 1 | 0 |
_aPLANT BIOCHEMISTRY AND MOLECULAR BIOLOGY / _cLEEGOOD, RICHARD C. |
| 700 | 1 | _aLEA, PELER J | |
| 260 |
_a[S.N] : _bJOHN WILEY AND SONS. INC ، _c1993 |
||
| 300 | _a312 P | ||
| 650 | 0 | 4 | _aBOTANICAL CHEMISTRY |
| 650 | 0 | 4 | _aPLANT - MOLECUALAR BIOLOGY |
| 942 |
_2ddc _cBK |
||
| 999 |
_c25149 _d25149 |
||